• 首页
  • 本馆介绍
  • 公告通知
  • 最新文献
  • 馆藏检索
  • 电子资源
  • 读者导购
  • 参考咨询
  • 我的图书馆
  • 登录
  • 详细信息显示
  • 放入我的书架
  • 预约/预借图书
  • 作者相关作品
  • 分类相关作品
  • 丛书相关作品
  • 出版社相关作品

书目信息

  • 表格格式
  • 工作单格式
  • 卡片格式
题名:
工程力学与机械设计基础
    
 
作者: 吴建蓉 主编
分册:  
出版信息: 北京   电子工业出版社  2012.08
页数: 293页
开本: 26cm
丛书名: 新编高等职业教育电子信息类、机电类规划教材·机电一体化技术专业
单 册:
中图分类: TB12 , TH122
科图分类:
主题词: 工程力学--高等职业教育--教材 , 机械设计--高等职业教育--教材
电子资源:
ISBN: 978-7-121-17788-0
000 01199nam0 2200301 450
001 687
005 20160908110424.43
010    @a978-7-121-17788-0@dCNY36.00
100    @a20120906d2012 em y0chiy50 ea
101 0  @achi
102    @aCN@b110000
105    @aae z 000yy
200 1  @a工程力学与机械设计基础@9gong cheng li xue yu ji xie she ji ji chu@f吴建蓉主编
205    @a3版
210    @a北京@c电子工业出版社@d2012.08
215    @a293页@c图,设计图@d26cm
225 2  @a新编高等职业教育电子信息类、机电类规划教材·机电一体化技术专业@9xin bian gao deng zhi ye jiao yu dian zi xin xi lei ji dian lei gui hua jiao cai ji dian yi ti hua ji shu zhuan ye
300    @a高职教材
330    @a全书由静力学、材料力学和机械设计基础三大部分组成。
333    @a高职高专职业院校、高等专科院校、成人院校及本科院校举办的二级职业技术学校的民办高校及中等职业学校的师生
461  0 @12001 @a新编高等职业教育电子信息类、机电类规划教材·机电一体化技术专业
606 0  @a工程力学@x高等职业教育@j教材
606 0  @a机械设计@x高等职业教育@j教材
690    @aTB12@v4
690    @aTH122
701  0 @a吴建蓉@9wu jian rong@4主编
801  0 @aCN@b唐山师范学院图书馆@c20160723
905    @aZUCC@dTB12@e167=3
    
    工程力学与机械设计基础/吴建蓉主编.-3版.-北京:电子工业出版社,2012.08
    293页:图,设计图;26cm.-(新编高等职业教育电子信息类、机电类规划教材·机电一体化技术专业)
    高职教材.-使用对象:高职高专职业院校、高等专科院校、成人院校及本科院校举办的二级职业技术学校的民办高校及中等职业学校的师生
    
    ISBN 978-7-121-17788-0:CNY36.00
    全书由静力学、材料力学和机械设计基础三大部分组成。
●
相关链接 在E读中查询图书 在五车中查询图书 在当当中查询图书 在豆瓣中查询图书


正题名:工程力学与机械设计基础     索取号:TB12/167=3         预约/预借

序号 登录号 条形码 馆藏地/架位号 状态 备注
1 902988   209029889   第二样本阅览室/ [索取号:TB12/167=3] 在馆    
2 902989   209029898   第三借阅区/ [索取号:TB12/167=3] 在馆    
3 902990   209029905   第三借阅区/ [索取号:TB12/167=3] 在馆    
4 902991   209029914   第三借阅区/ [索取号:TB12/167=3] 在馆    
5 902992   209029923   第三借阅区/ [索取号:TB12/167=3] 在馆    
唐山师范学院图书馆 欢迎您!
大连网信软件有限公司© 版权所有